000 01718nam a2200265Ia 4500
999 _c37789
_d37789
001 3766
003 GE_BSU
005 20190812174220.0
008 181216s1984||||ge |||||||||||||| ||geo||
040 _cGE_BSU
041 _ageo
080 _a016:669 თ–15
245 _aფერდინანდ თავაძე :
_bბიობიბლიოგრაფია /
_cსაქ. სსრ მეცნ. აკად., ცენტრ. სამეცნ. ბიბ-კა ; [შემდგ.: ზ. მახარაძე, ი. ცხვარიაშვილი ; რედ.: ს. ხადური, ნ. ხუციშვილი ; ბიობიბლიოგრ. რედ. თ. ნაკაშიძისა ; წინასიტყვ. ავტ. დ. ებანოიძე
264 _aთბილისი :
_bმეცნიერება,
_c1984.
300 _a185 გვ. ;
_b21 სმ.
490 _aბიობიბლიოგრ. სერია "ქართველი მეცნიერები"
546 _aწინასიტყვ. პარალ. რუს. და ინგლ..
600 _aთავაძე ფერდინანდ
_93531
653 _aმეტალურგია - ბიბლიოგრაფია
653 _aქართველ მეტალურგთა ბიობიბლიოგრაფია
700 _aმახარაძე, ზ.
_eშემდგენელი
_91800
700 _a ხადური, ს.
_eრედაქტორი
_93532
710 _aსაქ. სსრ მეცნ. აკად., ცენტრ. სამეცნ. ბიბ-კა
_93533
942 _cBK
_2udc